000 00554nam a2200217 a 4500
999 _c4252
_d4252
001 4252
003 BD-JhCC
005 20171126191015.0
008 171119s1947 uk |||| ||a| 000 0 eng d
035 _a(BD-JhCC)
040 _aBD-JhCC
_dBD-JhCC
041 _aeng
082 _a823.914
_bSMI 1947
100 _aSmith, R.
245 _aFolk Tales and Fancies /
_cR. Smith and A. H. Sutton
260 _aLondon :
_bGinn and Company Ltd,
_c1947
300 _a63 p. :
_c18 cm.
650 _aChildren's stories
700 _aSutton, A. H.
942 _2ddc
_cBK